| 000 | 02197cam a22004934i 4500 | ||
|---|---|---|---|
| 003 | PE-LiUPU | ||
| 005 | 20250731172734.0 | ||
| 008 | 150617s r 000 0 d | ||
| 035 | _a(Sirsi) a11562 | ||
| 040 |
_aPE-LiUPU _bspa _cPE-LiUPU _erda |
||
| 049 | _aPRUA | ||
| 082 | 0 | 4 |
_a230.01 _bH223 _221 |
| 100 | 1 |
_aHäring, Bernhard, _eautor. |
|
| 245 | 1 | 3 |
_aLa ley de Cristo : _bla teología moral expuesta a sacerdotes y seglares. _n3 / _cBernhard Haring. |
| 264 | 1 |
_aBarcelona : _bEditorial Herder, _c1973. |
|
| 300 |
_a805 páginas ; _c20 cm. |
||
| 336 |
_atext _2rdacontent |
||
| 337 |
_aunmediated _2rdamedia |
||
| 338 |
_avolume _2rdacarrier |
||
| 490 | 0 |
_aBiblioteca Herder: Sección de Teología y Filosofía ; _v34** |
|
| 505 | 0 | _aLa realización del amor a Dios y al prójimo en las virtudes morales -- La realización de la caridad cristiana dentro de la comunidad -- La vida y la salud bajo el amoroso dominio de Dios -- Respuesta al amoroso dominio de Dios en el matrimonio y la virginidad -- El amoroso dominio de Dios en el campo de los bienes terrenos -- La verdad, la fidelidad y el honor bajo el signo del amor. | |
| 526 | _aSEG42 | ||
| 526 | _aSEG41 | ||
| 526 | _aSEG40 | ||
| 526 | _aSEG39 | ||
| 526 | _aP94 | ||
| 526 | _aP87 | ||
| 526 | _aP86 | ||
| 526 | _aP85 | ||
| 526 | _aP77 | ||
| 526 | _aP76 | ||
| 526 | _aP35 | ||
| 650 | 0 | 4 |
_aMoral cristiana. _93843 |
| 910 |
_ajck _bjvq _cjck _d20150616 |
||
| 942 |
_2ddc _cBOOK |
||
| 949 |
_a230.01 H22 3 _wDEWEY _c1 _i37090 _lCCODEBUL1 _mBUL _p00.00 _r0 _sY _tBOOK _u2015-04-21 _xTEOLOGIA _PP35 _0COMPRA _o.STAFF. Colección General |
||
| 949 |
_a230.01 H22 3 _wDEWEY _c2 _i11151 _lCCODEBUL1 _mBUL _p00.00 _r0 _sY _tBOOK _u2015-04-21 _xTEOLOGIA _PP35 _0COMPRA _o.STAFF. Colección General |
||
| 994 |
_aC0 _bPEPRU |
||
| 596 | _a1 | ||
| 999 |
_a230.01 H22 3 _wDEWEY _c1725 _i37090 _f2021-11-9 _g6 _lCCODEBUL1 _mBUL _r0 _sY _tBOOK _u2015-4-21 _xTEOLOGIA _PP35 _0COMPRA _o.STAFF. Colección General _d1725 |
||
| 999 |
_a230.01 H22 3 _wDEWEY _c2 _i11151 _f2021-11-9 _g6 _lCCODEBUL1 _mBUL _r0 _sY _tBOOK _u2015-4-21 _xTEOLOGIA _PP35 _0COMPRA _o.STAFF. Colección General |
||
| 980 |
_81 _gALBERTO SANCHEZ Responsable de Automatización |
||